| 000 | 00518nam a2200217Ia 4500 | ||
|---|---|---|---|
| 003 | 0100 | ||
| 008 | 130307s9999 xx 000 0 und d | ||
| 020 | _a1558219663 | ||
| 040 | _cARRUPELIB | ||
| 050 | _aQB43.2S38 1999 | ||
| 245 | 4 | _aThe Scientific American book of astronomy | |
| 260 | _aNew York | ||
| 260 | _bLyons Press | ||
| 260 | _c1999 | ||
| 300 | _axi | ||
| 300 | _b371p. 26cm. | ||
| 650 | _bSocial problems | ||
| 650 | _cDeveloping Countries | ||
| 700 | _aFerris, Timothy (intr.) | ||
| 942 | 0 | 0 | _01 |
| 999 |
_c101574 _d101574 |
||